000 00848nam a22002897a 4500
001 BR7404046
003 BR-BrBNA
005 20230928084559.0
007 ta
008 230509b bl.||||| |||| 00| 0 por d
040 _aBR-BrBNA
_bpor
_cBiblioteca Nacional de Agricultura
041 _a(Por)
072 _aE10; E70; E50
_b/G514
090 _ E10 BR7404046
110 1 _aInstituto Brasileiro de Economia, Rio de Janeiro, GB. Centro de Estudos Agricolas
245 1 _aBrasil. Projecoes da demanda e da oferta de produtos agricolas 1975 e 1980
_b(versao preliminar)
260 3 _aRio de Janeiro, GB (Brasil):
_c1974.
300 _a119 p.
650 _aPOPULACAO
650 _aMAO-DE-OBRA
650 _aORCAMENTO
650 _aCONSUMO
650 _aDEMANDA
650 _aOFERTA
909 _a202309
_bLucia
_c55
_dLucia Elande
942 _cBK
999 _c19885
_d19885